<?xml version="1.0" encoding="UTF-8"?>
<record
    xmlns:xsi="http://www.w3.org/2001/XMLSchema-instance"
    xsi:schemaLocation="http://www.loc.gov/MARC21/slim http://www.loc.gov/standards/marcxml/schema/MARC21slim.xsd"
    xmlns="http://www.loc.gov/MARC21/slim">

  <leader>00468nam a22001817a 4500</leader>
  <controlfield tag="003">OSt</controlfield>
  <controlfield tag="005">20220105160355.0</controlfield>
  <controlfield tag="008">220105b        |||||||| |||| 00| 0 eng d</controlfield>
  <datafield tag="020" ind1=" " ind2=" ">
    <subfield code="a">0-237 49510 4</subfield>
  </datafield>
  <datafield tag="040" ind1=" " ind2=" ">
    <subfield code="c">Hawassa university</subfield>
  </datafield>
  <datafield tag="050" ind1=" " ind2=" ">
    <subfield code="a">635/GRE</subfield>
  </datafield>
  <datafield tag="082" ind1=" " ind2=" ">
    <subfield code="a">635/GRE</subfield>
  </datafield>
  <datafield tag="100" ind1=" " ind2=" ">
    <subfield code="a">Greensill t. m.</subfield>
    <subfield code="9">15429</subfield>
  </datafield>
  <datafield tag="111" ind1=" " ind2=" ">
    <subfield code="c">New library</subfield>
    <subfield code="9">27013</subfield>
  </datafield>
  <datafield tag="245" ind1=" " ind2=" ">
    <subfield code="a">Growing better vegetables</subfield>
  </datafield>
  <datafield tag="260" ind1=" " ind2=" ">
    <subfield code="a">Great britain  </subfield>
    <subfield code="b">T &amp; acon;s table</subfield>
    <subfield code="c">1968</subfield>
  </datafield>
  <datafield tag="942" ind1=" " ind2=" ">
    <subfield code="2">ddc</subfield>
    <subfield code="c">BOOKS</subfield>
    <subfield code="n">0</subfield>
  </datafield>
  <datafield tag="999" ind1=" " ind2=" ">
    <subfield code="c">26165</subfield>
    <subfield code="d">26165</subfield>
  </datafield>
  <datafield tag="952" ind1=" " ind2=" ">
    <subfield code="0">0</subfield>
    <subfield code="1">0</subfield>
    <subfield code="2">ddc</subfield>
    <subfield code="4">0</subfield>
    <subfield code="7">0</subfield>
    <subfield code="a">002</subfield>
    <subfield code="b">002</subfield>
    <subfield code="d">2022-01-05</subfield>
    <subfield code="l">0</subfield>
    <subfield code="o">635/GRE</subfield>
    <subfield code="p">ALIB0014235</subfield>
    <subfield code="r">2022-01-05 00:00:00</subfield>
    <subfield code="t">C 3</subfield>
    <subfield code="w">2022-01-05</subfield>
    <subfield code="y">BOOKS</subfield>
  </datafield>
  <datafield tag="952" ind1=" " ind2=" ">
    <subfield code="0">0</subfield>
    <subfield code="1">0</subfield>
    <subfield code="2">ddc</subfield>
    <subfield code="4">0</subfield>
    <subfield code="7">0</subfield>
    <subfield code="a">002</subfield>
    <subfield code="b">002</subfield>
    <subfield code="d">2022-01-05</subfield>
    <subfield code="l">0</subfield>
    <subfield code="o">635/GRE</subfield>
    <subfield code="p">ALIB0014242</subfield>
    <subfield code="r">2022-01-05 00:00:00</subfield>
    <subfield code="t">C 4</subfield>
    <subfield code="w">2022-01-05</subfield>
    <subfield code="y">BOOKS</subfield>
  </datafield>
  <datafield tag="952" ind1=" " ind2=" ">
    <subfield code="0">0</subfield>
    <subfield code="1">0</subfield>
    <subfield code="2">ddc</subfield>
    <subfield code="4">0</subfield>
    <subfield code="7">0</subfield>
    <subfield code="a">002</subfield>
    <subfield code="b">002</subfield>
    <subfield code="d">2022-01-05</subfield>
    <subfield code="l">0</subfield>
    <subfield code="o">635/GRE</subfield>
    <subfield code="p">ALIB0014209</subfield>
    <subfield code="r">2022-01-05 00:00:00</subfield>
    <subfield code="t">C 5</subfield>
    <subfield code="w">2022-01-05</subfield>
    <subfield code="y">BOOKS</subfield>
  </datafield>
  <datafield tag="952" ind1=" " ind2=" ">
    <subfield code="0">0</subfield>
    <subfield code="1">0</subfield>
    <subfield code="2">ddc</subfield>
    <subfield code="4">0</subfield>
    <subfield code="7">0</subfield>
    <subfield code="a">002</subfield>
    <subfield code="b">002</subfield>
    <subfield code="d">2022-01-05</subfield>
    <subfield code="l">0</subfield>
    <subfield code="o">635/GRE</subfield>
    <subfield code="p">ALIB0024210</subfield>
    <subfield code="r">2022-01-05 00:00:00</subfield>
    <subfield code="t">C 7</subfield>
    <subfield code="w">2022-01-05</subfield>
    <subfield code="y">BOOKS</subfield>
  </datafield>
  <datafield tag="952" ind1=" " ind2=" ">
    <subfield code="0">0</subfield>
    <subfield code="1">0</subfield>
    <subfield code="2">ddc</subfield>
    <subfield code="4">0</subfield>
    <subfield code="7">0</subfield>
    <subfield code="a">002</subfield>
    <subfield code="b">002</subfield>
    <subfield code="d">2022-01-05</subfield>
    <subfield code="l">0</subfield>
    <subfield code="o">635/GRE</subfield>
    <subfield code="p">ALIB0014211</subfield>
    <subfield code="r">2022-01-05 00:00:00</subfield>
    <subfield code="t">C 11</subfield>
    <subfield code="w">2022-01-05</subfield>
    <subfield code="y">BOOKS</subfield>
  </datafield>
  <datafield tag="952" ind1=" " ind2=" ">
    <subfield code="0">0</subfield>
    <subfield code="1">0</subfield>
    <subfield code="2">ddc</subfield>
    <subfield code="4">0</subfield>
    <subfield code="7">0</subfield>
    <subfield code="a">002</subfield>
    <subfield code="b">002</subfield>
    <subfield code="d">2022-01-11</subfield>
    <subfield code="l">0</subfield>
    <subfield code="o">635/GRE </subfield>
    <subfield code="p">ALIB00 14221</subfield>
    <subfield code="r">2022-01-11 00:00:00</subfield>
    <subfield code="t">C 18</subfield>
    <subfield code="w">2022-01-11</subfield>
    <subfield code="y">BOOKS</subfield>
  </datafield>
  <datafield tag="952" ind1=" " ind2=" ">
    <subfield code="0">0</subfield>
    <subfield code="1">0</subfield>
    <subfield code="2">ddc</subfield>
    <subfield code="4">0</subfield>
    <subfield code="7">0</subfield>
    <subfield code="a">002</subfield>
    <subfield code="b">002</subfield>
    <subfield code="d">2022-01-11</subfield>
    <subfield code="l">0</subfield>
    <subfield code="o">635/GRE </subfield>
    <subfield code="p">ALIB0014217</subfield>
    <subfield code="r">2022-01-11 00:00:00</subfield>
    <subfield code="t">C 14</subfield>
    <subfield code="w">2022-01-11</subfield>
    <subfield code="y">BOOKS</subfield>
  </datafield>
  <datafield tag="952" ind1=" " ind2=" ">
    <subfield code="0">0</subfield>
    <subfield code="1">0</subfield>
    <subfield code="2">ddc</subfield>
    <subfield code="4">0</subfield>
    <subfield code="7">0</subfield>
    <subfield code="a">002</subfield>
    <subfield code="b">002</subfield>
    <subfield code="d">2022-01-11</subfield>
    <subfield code="o">635/GRE </subfield>
    <subfield code="p">ALIB0014233</subfield>
    <subfield code="r">2022-01-11 00:00:00</subfield>
    <subfield code="t">C 30</subfield>
    <subfield code="w">2022-01-11</subfield>
    <subfield code="y">BOOKS</subfield>
  </datafield>
  <datafield tag="952" ind1=" " ind2=" ">
    <subfield code="0">0</subfield>
    <subfield code="1">0</subfield>
    <subfield code="2">ddc</subfield>
    <subfield code="4">0</subfield>
    <subfield code="7">0</subfield>
    <subfield code="a">002</subfield>
    <subfield code="b">002</subfield>
    <subfield code="d">2022-01-17</subfield>
    <subfield code="l">0</subfield>
    <subfield code="o">635/GRE</subfield>
    <subfield code="p">ALIB0014748</subfield>
    <subfield code="r">2022-01-17 00:00:00</subfield>
    <subfield code="t">1</subfield>
    <subfield code="w">2022-01-17</subfield>
    <subfield code="y">BOOKS</subfield>
  </datafield>
  <datafield tag="952" ind1=" " ind2=" ">
    <subfield code="0">0</subfield>
    <subfield code="1">0</subfield>
    <subfield code="2">ddc</subfield>
    <subfield code="4">0</subfield>
    <subfield code="7">0</subfield>
    <subfield code="a">002</subfield>
    <subfield code="b">002</subfield>
    <subfield code="d">2022-01-17</subfield>
    <subfield code="l">0</subfield>
    <subfield code="o">635/GRE</subfield>
    <subfield code="p">ALIB0014749</subfield>
    <subfield code="r">2022-01-17 00:00:00</subfield>
    <subfield code="t">2</subfield>
    <subfield code="w">2022-01-17</subfield>
    <subfield code="y">BOOKS</subfield>
  </datafield>
  <datafield tag="952" ind1=" " ind2=" ">
    <subfield code="0">0</subfield>
    <subfield code="1">0</subfield>
    <subfield code="2">ddc</subfield>
    <subfield code="4">0</subfield>
    <subfield code="7">0</subfield>
    <subfield code="a">002</subfield>
    <subfield code="b">002</subfield>
    <subfield code="d">2022-01-17</subfield>
    <subfield code="l">0</subfield>
    <subfield code="o">635/GRE</subfield>
    <subfield code="p">ALIB0014750</subfield>
    <subfield code="r">2022-01-17 00:00:00</subfield>
    <subfield code="t">8</subfield>
    <subfield code="w">2022-01-17</subfield>
    <subfield code="y">BOOKS</subfield>
  </datafield>
  <datafield tag="952" ind1=" " ind2=" ">
    <subfield code="0">0</subfield>
    <subfield code="1">0</subfield>
    <subfield code="2">ddc</subfield>
    <subfield code="4">0</subfield>
    <subfield code="7">0</subfield>
    <subfield code="a">002</subfield>
    <subfield code="b">002</subfield>
    <subfield code="d">2022-01-17</subfield>
    <subfield code="l">0</subfield>
    <subfield code="o">635/GRE</subfield>
    <subfield code="p">ALIB00148877</subfield>
    <subfield code="r">2022-01-17 00:00:00</subfield>
    <subfield code="t">10</subfield>
    <subfield code="w">2022-01-17</subfield>
    <subfield code="y">BOOKS</subfield>
  </datafield>
  <datafield tag="952" ind1=" " ind2=" ">
    <subfield code="0">0</subfield>
    <subfield code="1">0</subfield>
    <subfield code="2">ddc</subfield>
    <subfield code="4">0</subfield>
    <subfield code="7">0</subfield>
    <subfield code="a">002</subfield>
    <subfield code="b">002</subfield>
    <subfield code="d">2022-01-17</subfield>
    <subfield code="l">0</subfield>
    <subfield code="o">635/GRE</subfield>
    <subfield code="p">ALIB0014887</subfield>
    <subfield code="r">2022-01-17 00:00:00</subfield>
    <subfield code="t">15</subfield>
    <subfield code="w">2022-01-17</subfield>
    <subfield code="y">BOOKS</subfield>
  </datafield>
  <datafield tag="952" ind1=" " ind2=" ">
    <subfield code="0">0</subfield>
    <subfield code="1">0</subfield>
    <subfield code="2">ddc</subfield>
    <subfield code="4">0</subfield>
    <subfield code="7">0</subfield>
    <subfield code="a">002</subfield>
    <subfield code="b">002</subfield>
    <subfield code="d">2022-01-17</subfield>
    <subfield code="l">0</subfield>
    <subfield code="o">635/GRE</subfield>
    <subfield code="p">ALIB0014888</subfield>
    <subfield code="r">2022-01-17 00:00:00</subfield>
    <subfield code="t">36</subfield>
    <subfield code="w">2022-01-17</subfield>
    <subfield code="y">BOOKS</subfield>
  </datafield>
  <datafield tag="952" ind1=" " ind2=" ">
    <subfield code="0">0</subfield>
    <subfield code="1">0</subfield>
    <subfield code="2">ddc</subfield>
    <subfield code="4">0</subfield>
    <subfield code="7">0</subfield>
    <subfield code="a">002</subfield>
    <subfield code="b">002</subfield>
    <subfield code="d">2022-01-17</subfield>
    <subfield code="l">0</subfield>
    <subfield code="o">635/GRE</subfield>
    <subfield code="p">ALIB0014889</subfield>
    <subfield code="r">2022-01-17 00:00:00</subfield>
    <subfield code="t">37</subfield>
    <subfield code="w">2022-01-17</subfield>
    <subfield code="y">BOOKS</subfield>
  </datafield>
  <datafield tag="952" ind1=" " ind2=" ">
    <subfield code="0">0</subfield>
    <subfield code="1">0</subfield>
    <subfield code="2">ddc</subfield>
    <subfield code="4">0</subfield>
    <subfield code="7">0</subfield>
    <subfield code="a">002</subfield>
    <subfield code="b">002</subfield>
    <subfield code="d">2022-01-17</subfield>
    <subfield code="l">0</subfield>
    <subfield code="o">635/GRE</subfield>
    <subfield code="p">ALIB0020001</subfield>
    <subfield code="r">2022-01-17 00:00:00</subfield>
    <subfield code="t">33</subfield>
    <subfield code="w">2022-01-17</subfield>
    <subfield code="y">BOOKS</subfield>
  </datafield>
  <datafield tag="952" ind1=" " ind2=" ">
    <subfield code="0">0</subfield>
    <subfield code="1">0</subfield>
    <subfield code="2">ddc</subfield>
    <subfield code="4">0</subfield>
    <subfield code="7">0</subfield>
    <subfield code="a">002</subfield>
    <subfield code="b">002</subfield>
    <subfield code="d">2022-01-17</subfield>
    <subfield code="l">0</subfield>
    <subfield code="o">635/GRE</subfield>
    <subfield code="p">ALIB0020002</subfield>
    <subfield code="r">2022-01-17 00:00:00</subfield>
    <subfield code="t">38</subfield>
    <subfield code="w">2022-01-17</subfield>
    <subfield code="y">BOOKS</subfield>
  </datafield>
  <datafield tag="952" ind1=" " ind2=" ">
    <subfield code="0">0</subfield>
    <subfield code="1">0</subfield>
    <subfield code="2">ddc</subfield>
    <subfield code="4">0</subfield>
    <subfield code="7">0</subfield>
    <subfield code="a">002</subfield>
    <subfield code="b">002</subfield>
    <subfield code="d">2022-01-17</subfield>
    <subfield code="l">0</subfield>
    <subfield code="o">635/GRE</subfield>
    <subfield code="p">ALIB0020003</subfield>
    <subfield code="r">2022-01-17 00:00:00</subfield>
    <subfield code="t">39</subfield>
    <subfield code="w">2022-01-17</subfield>
    <subfield code="y">BOOKS</subfield>
  </datafield>
  <datafield tag="952" ind1=" " ind2=" ">
    <subfield code="0">0</subfield>
    <subfield code="1">0</subfield>
    <subfield code="2">ddc</subfield>
    <subfield code="4">0</subfield>
    <subfield code="7">0</subfield>
    <subfield code="a">002</subfield>
    <subfield code="b">002</subfield>
    <subfield code="d">2022-01-17</subfield>
    <subfield code="l">0</subfield>
    <subfield code="o">635/GRE</subfield>
    <subfield code="p">ALIB0020004</subfield>
    <subfield code="r">2022-01-17 00:00:00</subfield>
    <subfield code="t">40</subfield>
    <subfield code="w">2022-01-17</subfield>
    <subfield code="y">BOOKS</subfield>
  </datafield>
</record>
